000 01031nam a22003017a 4500
001 7226
003 FISKH
005 20250703095454.0
008 250703b cb ||||| |||| 00| 0 eng d
020 _a9780064442817
040 _aFISKH
_beng
_cFISKH
_dFISKH
050 _aPZ7.A953 A
082 _a165
100 _aAvi
_d(1937-)
245 _aAbigail take the wheel /
_cStory by Avi ; Pictures by Don Bolognese /
250 _aThis edition first published in 2000
260 _aNew York :
_bHarperTrophy,
_c1999
300 _a56 pages :
_bcolor illustrations ;
_c23 cm
505 _aN
520 _aWhen the first mate of the freight boat Neptune falls ill, it is up to Abigail, the captain's daughter, to steer the ship up the Hudson River from New Jersey to New York City.
521 8 _a560
_bLexile
521 8 _aN
_bRaz-Plus
650 _2Early reader
_aSailing
650 _2Honey for a Child's Heart
_aWormy's collection
700 _aBolognese, Don
_dillustrator
942 _2ddc
_cBK
_n0
999 _c7226
_d7226